00466nam a2200181Ia 4500003000400000005001700004008004100021020001800062040000700080041000800087082001800095100001800113245007000131260003600201300001200237365001300249650002200262OSt20230524113909.0210423s2005 xx 000 0 und d a81-7551-156-7 cAL aeng a820.9082 KALF aKALPANA (R J) aFeminist issues in Indian literature: feminism and the individual aNew DelhibPrestige Booksc2005 a232bHB b400cINR aEnglish Criticism